| 000 | 00397nam a22001457a 4500 | ||
|---|---|---|---|
| 005 | 20251015164719.0 | ||
| 008 | 251015b |||||||| |||| 00| 0 eng d | ||
| 020 | _a9781617290244 | ||
| 082 | _a621.3815 EVA; | ||
| 100 | _aEvans, Martin. Noble, Joshua. Hochenbaum, Jordan. | ||
| 245 | _aArduino in Action | ||
| 260 |
_aNew York _bManning Publication _c2013 |
||
| 300 | _axxii, 346 | ||
| 942 | _cAR | ||
| 999 |
_c301078 _d301078 |
||